Mejores 11 por letras del abecedario-Futbol- - Estadísticas

Estadísticas generales
  • Esta prueba ha sido intentada 14 veces
  • La puntuación promedio es 3 de 15
Estadísticas de respuestas
Pista Respuesta % Correcto
A Alisson
100%
C courtois
27%
E ederson
27%
N neuer
27%
B bounou
18%
D donnarumma
18%
F franco armani
18%
K kobel
18%
O oblak
18%
G garcia
9%
H hradecky
9%
P pickford
9%
J jorgensen
0%
L lloris
0%
M martinez
0%
No se encontraron pruebas coincidentes
Distribución de puntuación
Porcentaje de gente con cada puntuación
Porcentaje por número respondido
Historial de tus puntuaciones
No has intentado esta prueba.